Estudios de Derecho Iberoamericano Volumen I

Bibliographic Details
Main Author: Rodrg̕uez, Gabriel Martn̕
Format: eBook
Language:Spanish
Published: Madrid: Dykinson, 2019
Subjects:
Online Access:Acceso restringido

MARC

LEADER 00000nam a22000007a 4500
005 20190416214125.0
007 cr|||| ||||
008 190416s2019 es |||||s|||| 00||0 spa d
020 |a 978-84-1324-098-5 
035 |a 23256 
040 |a vLex 
090 |c 8636  |d 8636 
100 1 |a Rodrg̕uez, Gabriel Martn̕ 
245 1 0 |a Estudios de Derecho Iberoamericano  |h [Recurso electrn̤ico] /  |c Gabriel Martn̕ Rodrg̕uez  |n Volumen I 
256 |a Servicio en ln̕ea 
260 |a Madrid:  |b Dykinson,  |c 2019 
300 |a 1 recurso electrn̤ico 
500 |a Obra colectiva dirigida a poner en dil̀ogo el derecho iberoamericano. La obra recoge una pluralidad de trabajos desde los que abordar el estudio del Derecho y que abarca todas sus disciplinas. Tanto la amplitud de temas como de los profesores representados resultan elocuentes de la finalidad y de los horizontes intelectuales de la obra. Entre otras, se abordan cuestiones como: Biopolt̕ica e urbanizaȯ̂: estratǧias de controle e exclusô social; Los paras̕os fiscales y el intercambio de informacin̤ tributaria; La proteccin̤ constitucional del patrimonio cultural en el ordenamiento jurd̕ico brasileǫ: mencin̤ especial al patrimonio cultural subacut̀ico; Bioťica y nuevos desafo̕s jurd̕icos, Derecho humano de seguridad en el orden iberoamericano; Contrapontos do neoconstitucionalismo numa perspectiva ibero-americana; Accesibilidad universal y discapacidad en el Derecho espaǫl: base normativa de referencia y reparto de competencias entre las Administraciones pb︢licas territoriales... Su contenido tambiň pretende ser un reflejo de las inquietudes cientf̕icas, polt̕icas e intelectuales dentro del m̀bito jurd̕ico iberoamericano. 
506 1 |a Disponible solo en los productos indicados  |d vLex Global  |d vLex Global (Academic Edition, excluding Law Schools)  |d vLex Global (U.S. Academic Edition, Law Schools)  |d vLex Global (U.S. Academic Edition, excluding Law Schools)  |d vLex Global (Academic Edition, Law Schools) 
650 0 4 |a Derecho Internacional  |z Espaą 
740 0 |a vLex Libros (Servicio en ln̕ea) 
856 4 0 |u http://vlex.com/source/estudios-de-derecho-iberoamericano-volumen-i-23256  |z Acceso restringido 
942 |c BOOK 
999 0 |a International right